000 00453nam a2200169 i 4500
001 146859
003 ES-MaACL
005 20230906201714.0
007 t|
008 070918s1969 sp ||||1| spa d
080 _a86-34"19"
100 1 _aCela Trulock, Jorge (
_d1932-2021)
_9174160
245 1 0 _aCarta a la novia /
_cJorge C. Trulock.
260 _aMadrid :
_bAzur,
_c[1969]
300 _a102 p. ;
_c20 cm.
852 _aES-MaACL
_jC-36458
_bR.69896
999 _c146859
_d146859